000 00348nam a22001217a 4500
008 230620b xxu||||| |||| 00| 0 eng d
020 _a9966852204
082 _a305.6762
_bSCH 1994
245 _aIdentities on The Move
_bClanship and Pastoralism in Northern Kenya
260 _aKenya
_bGideon S. Were Press
_c1994
300 _aX,278p
942 _2ddc
_cBK
999 _c1484
_d1484